| 000 | 00343pam a2200145 a 4500 | ||
|---|---|---|---|
| 020 | _c | ||
| 041 | _h | ||
| 082 | _a153 | ||
| 100 |
_aIYER (Prakash) _eauthor |
||
| 245 |
_aThe Habit of Winning _hTextual Document |
||
| 250 | _a1st | ||
| 260 |
_bPenguin Books India Pvt. Ltd. New Delhi , London _c2011 |
||
| 300 | _aix, 248 | ||
| 930 | _a10582 | ||
| 999 |
_c841340 _d841340 |
||